LEADER 01162nam a2200205 i 4500 001 000000179923 003 CaOOAMICUS 005 20090610000000.0 008 090610s1911 it u000 u ita u 013 $a157539 040 $aSeMil$bita 100 1 $aFelder, Ilarino.$0(OLS)http://semarc/name/40039 245 10$aStoria degli studi scientifici :$bnell'ordine francescano dalla sua fondazione fino a circa la metà del sec. 13. /$cPer il P. Ilarino Felder Dell'ordine de' FF. Min. Cappuccini Lettore Emerito e Dottore in Teologia ; Versione dal tedesco del P. Ignazio Da Seggiano ex Lettore e Definitore dello stesso Ordine. 260 $aSiena :$bTip. Pontificia S. Bernardino,$c1911. 300 $aXII, 562 p. ;$c26 cm. 700 0 $aIgnazio : da Seggiano,$c.$0(OLS)http://semarc/name/31101 850 $aSeMil 852 $aSeMil$W1$xVenegono$y1$m3B IV 99$j130678$B130678$CSeMilBibl$Z2$F142148 $81 996 $6245$aStoria degli studi scientifici :$bnell'ordine francescano dalla sua fondazione fino a circa la metà del sec. 13.$9(OLS)http://semarc/title/258342 996 $6260$aSiena :$bTip. Pontificia S. Bernardino$9(OLS)http://semarc/publisher/33971 LEADER 00796nam a2200193 i 4500 001 000000189606 003 CaOOAMICUS 005 20100513000000.0 008 100513n it u000 u fre u 013 $a167880 040 $aSeMil$bita 245 13$aLe père blanc missionnaire d'Afrique a l'école du Cardinal Lavigerie. 260 $aNamur :$bGrands Lacs,$c199[?] 300 $a388 p. ;$c22 cm. 650 4$aLavigerie, Charles-Martial Allemand .$0(OLS)http://semarc/subject/12170 850 $aSeMil 852 $aSeMil$W1$xVenegono$y1$m3H III 258$j140237$B140237$CSeMilBibl$Z2$F151852 $81 996 $6245$aLe père blanc missionnaire d'Afrique a l'école du Cardinal Lavigerie$9(OLS)http://semarc/title/273000 996 $6260$aNamur :$bGrands Lacs$9(OLS)http://semarc/publisher/50162